Distritos de São Paulo adjacentes ao Rio Tamanduateí - Statistics

Estatísticas Gerais
  • Esse quiz foi jogado 16 vezes
  • A pontuação média é 7 de 8
Respostas no mapa
Respostas codificadas por cores de uma escala verde-vermelha no mapa do quiz de acordo com a % correta abaixo.
 
Estatísticas das Respostas
Resposta % Correto
Brás
100%
100%
Bom Retiro
91%
Ipiranga
91%
Pari
91%
São Lucas
91%
Vila Prudente
91%
Cambuci
82%
Nenhum quiz correspondente encontrado
Distribuição das Pontuações
Porcentagem de Pessoas com Cada Pontuação
Percentil de Números Respondidos
Sua Pontuação Histórica
Você não jogou esse quiz